F1 Drivers & Teams - Unscramble - 2025 - Statistics

General Stats
  • This quiz has been taken 179 times
  • The average score is 14 of 30
Answer Stats
Drivers/Teams % Correct
Haas
82%
Ferrari
81%
McLaren
70%
Mercedes
70%
Alpine
64%
Williams
63%
Red Bull
58%
Max Verstappen
57%
Charles Leclerc
56%
Yuki Tsunoda
52%
Kimi Antonelli
49%
Carlos Sainz
48%
Lando Norris
48%
Isack Hadjar
47%
Oscar Piastri
43%
Gabriel Bortoleto
40%
Nico Hulkenberg
40%
Fernando Alonso
38%
George Russell
38%
Jack Doohan
38%
Lewis Hamilton
38%
Alexander Albon
36%
Esteban Ocon
36%
Liam Lawson
34%
Pierre Gasly
34%
Aston Martin
24%
Racing Bulls
24%
Lance Stroll
22%
Kick Sauber
20%
Oliver Bearman
20%
No matching quizzes found
Score Distribution
Percent of People with Each Score
Percentile by Number Answered
Your Score History
You have not taken this quiz